Evolución de las estrategias de desarrollo económica en el período de posguerra (Registro nro. 16350)

Detalles MARC
000 -LEADER
fixed length control field 00375 a2200109 4500
001 - CONTROL NUMBER
control field ART_3396
005 - DATE AND TIME OF LATEST TRANSACTION
control field 20260410161714.0
008 - FIXED-LENGTH DATA ELEMENTS--GENERAL INFORMATION
fixed length control field 260409a
100 1# - MAIN ENTRY--PERSONAL NAME
Personal name Villanueva, Javier
245 10 - TITLE STATEMENT
Title Evolución de las estrategias de desarrollo económica en el período de posguerra
773 0# - HOST ITEM ENTRY
Title Desarrollo económico
Related parts - Vol. 21, Nº 81 (abr./jun. 1981)
Record control number REV1174

No hay ítems disponibles.